Statistics for Name the two Massachusetts towns

Click here to take the quiz!

General Stats

  • This quiz has been taken 7 times
  • The average score is 8 of 22

Answer Stats

HintAnswer% Correct
Has a population over 200,000
Boston
100%
Worcester
83%
A majority of residents speak Spanish at homeChelsea
67%
Is the last name of a player on a 21st Century World Series-winning Red Sox team

[name must match exactly: sorry, Becket]
Lowell
67%
Lawrence
50%
Is the name of something edibleOrange
50%
Is the last name of a Hall of Fame pitcherPalmer
50%
Peru
50%
Georgetown
33%
Mashpee
33%
Swansea
33%
Wakefield
33%
Home to a federally recognized Wampanoag tribeAquinnah
17%
Named for a place in ScotlandAthol
17%
Shares a name with a national capitalBerlin
17%
Is non-contiguous with the rest of its county (not counting islands)Brookline
17%
Cohasset
17%
Melrose
17%
Named for a place in Latin AmericaMonterey
17%
Named for a place in WalesPembroke
17%
Sandwich
17%
Sutton
17%

Score Distribution

Percentile by Number Answered

Percent of People with Each Score

Your Score History

You have not taken this quiz